000 00892nam a2200277 a 4500
001 BRL_1421
005 20190320211209.0
008 140114s1997----enkaob####---#000-0#eng-#
020 _a1856691020
041 _aeng
044 _aenk
050 4 _aNK9504.7
_b.F58 1997
100 1 _aFitz Gibbon, Kate
_926858
245 1 0 _aIkat
_bsplendid silks of central a asia : The Guido Goldman Collection
_cKate Fitz Gibbon & Andrew Hale.
260 _aLondon
_c1997
300 _a208 p.
_bil., fotografías, mapas
_c31 cm.
500 _aAu1675
504 _aBibliografía: p. 205 - 206
600 1 4 _aGoldman, Guido
_vColeccionistas y colecciones
_xArte
_926859
650 1 4 _aIkat
_xTemas, motivos
_zAsia Central
_926860
650 1 4 _aIkat
_xColecciones privadas
_zAsia Central
_926861
650 1 4 _aTelas
_zAsia Central
_926862
700 1 _aHale, Andrew
_926863
902 _aGRL
942 _2lcc
_cB
999 _c10231
_d10231